[Event "XXIV Open"]
[Site "Cappelle La Grande FRA"]
[Date "2008.02.22"]
[Round "8"]
[White "Paulet,I"]
[Black "Jaracz,P"]
[Result "1/2-1/2"]
[WhiteElo "2285"]
[BlackElo "2527"]

1.e4 c5 2.Nc3 Nc6 3.Bb5 Nd4 4.Bc4 e6 5.Nge2 Nf6 6.O-O a6 7.d3 Nc6 8.Bg5 Be7
9.Ng3 O-O 10.f4 d5 11.Bb3 dxe4 12.Ncxe4 Nd4 13.Bxf6 Bxf6 14.Nxf6+ Qxf6 15.Ne4 Qe7
16.c3 Nxb3 17.Qxb3 Rd8 18.Qb6 Bd7 19.Qxc5 Qh4 20.Qf2 Qe7 21.d4 Bc6 22.Ng3 g6
23.Rfe1 Qc7 24.Re3 b5 25.a3 a5 26.Rae1 b4 27.axb4 axb4 28.f5 exf5 29.Nxf5 gxf5
30.Qxf5 Qd6 31.Rh3 h6 32.Rg3+ Kh8 33.Qxf7 Qf8 34.Qc7 bxc3 35.bxc3 Re8 36.Rf1 Qxf1+
37.Kxf1 Ra1+ 38.Kf2 Ra2+ 39.Kf1 Ra1+ 40.Kf2 Ra2+ 41.Kf1  1/2-1/2

[Event "79th ch-GER"]
[Site "Bad Woerishofen GER"]
[Date "2008.02.23"]
[Round "9"]
[White "Meister,Y"]
[Black "Lichman,P"]
[Result "1/2-1/2"]
[WhiteElo "2491"]
[BlackElo "2334"]

1.e4 c5 2.Nc3 Nc6 3.Nge2 g6 4.d4 cxd4 5.Nxd4 Bg7 6.Be3 d6 7.Bc4 Nf6 8.f3 O-O
9.Qd2 Bd7 10.g4 Rc8 11.Bb3 Ne5 12.g5 Nh5 13.O-O-O a6 14.Rhf1 b5 15.f4 Nc4
16.Bxc4 Rxc4 17.f5 Re8 18.Kb1 b4 19.Nd5 e6 20.Nxe6 Bxe6 21.fxe6 Rxe6 22.Qf2 Qe8
23.b3 Rcxe4 24.Nc7 Qe7 25.Nxe6 Qxe6 26.Bd4 Rf4 27.Qg1 Rg4 28.Qf2 Rf4 29.Qg1 Rg4
30.Qf2 Rf4  1/2-1/2

[Event "XI Open"]
[Site "Malaga ESP"]
[Date "2008.02.23"]
[Round "1"]
[White "Perez Rodriguez,L"]
[Black "Anaya Lopez,V"]
[Result "1/2-1/2"]
[WhiteElo "2432"]
[BlackElo "1944"]

1.e4 c5 2.Nf3 Nc6 3.Nc3 e5 4.Bc4 Be7 5.d3 d6 6.O-O Nf6 7.Ng5 O-O 8.f4 Bg4
9.Qe1 exf4 10.Bxf4 Nd4 11.Qd2 Qd7 12.Be3 Nc6 13.a3 Rac8 14.b4 Ne5 15.Bb5 Qd8
16.bxc5 dxc5 17.h3 h6 18.Nxf7 Rxf7 19.hxg4 Nfxg4 20.Rxf7 Kxf7 21.Nd5 a6 22.Bc4 Nxc4
23.dxc4 Bf6 24.Rf1 Kg8 25.c3 Qe8 26.Nxf6+ Nxf6 27.Bxh6 Qxe4 28.Bxg7 Kxg7
29.Re1  1/2-1/2

[Event "XI Open"]
[Site "Malaga ESP"]
[Date "2008.02.23"]
[Round "1"]
[White "Dolezal,C"]
[Black "Pedraza Fernandez,M"]
[Result "1-0"]
[WhiteElo "2425"]
[BlackElo "1933"]

1.e4 c5 2.Nf3 Nc6 3.Nc3 e6 4.g3 d5 5.Bg2 dxe4 6.Nxe4 Be7 7.O-O Nf6 8.Qe2 O-O
9.d3 Nd4 10.Nxd4 cxd4 11.c4 dxc3 12.bxc3 Nxe4 13.Bxe4 Rb8 14.Be3 b6 15.a4 Bb7
16.a5 Bxe4 17.dxe4 bxa5 18.Bxa7 Rc8 19.Bd4 Bc5 20.Rfd1 Bxd4 21.cxd4 Qc7 22.d5 Rfd8
23.dxe6 Rxd1+ 24.Rxd1 fxe6 25.Qb5 Rd8 26.Ra1 Ra8 27.Kg2 h6 28.Ra2 Kf7 29.Ra4 Ke7
30.Rc4 Qd7 31.Qe5 Rc8 32.Qxg7+ Ke8 33.Qg8+  1-0

[Event "6th Festival Gp B"]
[Site "Nancy FRA"]
[Date "2008.02.23"]
[Round "8"]
[White "Ramaswamy,A"]
[Black "Genzling,A"]
[Result "1/2-1/2"]
[WhiteElo "2322"]
[BlackElo "2264"]

1.e4 c5 2.Nf3 Nc6 3.Nc3 g6 4.d4 cxd4 5.Nxd4 Bg7 6.Be3 Nf6 7.Bc4 Qa5 8.O-O O-O
9.Bb3 d6 10.h3 Bd7 11.Re1 Rfe8 12.Qd3 Rac8 13.Rad1 Ne5 14.Qe2 b5 15.Bc1 Nc4
16.a4 a6 17.axb5 axb5 18.Nd5 Nxd5 19.exd5 Qa8 20.Qf3 Rc5 21.Bxc4 bxc4 22.Ne2 e5
23.dxe6 Qxf3 24.gxf3 Rxe6 25.Be3 Rc7 26.Nf4 Re8 27.Rxd6 Bf5 28.c3 Rb7 29.Rd2 Reb8
30.Ree2 Ra8 31.Rd1 h5 32.Red2 Kh7 33.Re2 Ra2 34.Kg2 Bh6 35.Nd5 Bxe3 36.fxe3 Bd3
37.Red2 Rbxb2 38.Rxb2 Rxb2+ 39.Kg3 g5 40.h4 Kg6 41.Nb4 gxh4+ 42.Kxh4 Bf5
43.Nd5 Kh6 44.Nf4 Rh2+ 45.Kg3 Rc2 46.Rh1 Bg6 47.Nd5 Rd2 48.Nf4 Kg5 49.Rh4 Rc2
50.Nxg6 fxg6 51.Rxc4 Kf5 52.Rc5+ Kf6 53.Rc6+ Kg7 54.Kf4 Rg2 55.Rc7+ Kh6 56.c4 h4
57.Rc8 Kg7 58.Rd8 h3 59.Rd1 h2 60.Rh1 Kf6 61.c5 g5+ 62.Ke4 Ke6 63.Kd4 Rd2+
64.Kc3 Rg2 65.Kd4 Rd2+ 66.Kc3 Rg2 67.Kd4 Rd2+  1/2-1/2

[Event "25th Festival Open A"]
[Site "Bled SLO"]
[Date "2008.02.24"]
[Round "2"]
[White "Srebrnic,M"]
[Black "Sveshnikov,E"]
[Result "0-1"]
[WhiteElo "2321"]
[BlackElo "2506"]

1.e4 c5 2.Nf3 Nc6 3.Nc3 e5 4.Bc4 Be7 5.d3 Nf6 6.Ng5 O-O 7.f4 d5 8.exd5 Bg4
9.Qd2 Nd4 10.O-O exf4 11.Qxf4 Bd6 12.Qf2 Qb8 13.Bf4 Bxf4 14.Qxf4 b5 15.Qxb8 Raxb8
16.Bb3 c4 17.dxc4 bxc4 18.Bxc4 Nxc2 19.Rac1 Ne3 20.b3 Nxf1 21.Rxf1 Rfe8 22.d6 Bh5
23.Nd5 Nxd5 24.Bxd5 Re5 25.Bxf7+ Bxf7 26.Nxf7 Rd5 27.d7 Rxd7 28.Ne5 Rd2 29.Rf2 Rd1+
30.Rf1 Rbd8 31.Nc6 R8d7 32.b4 Rxf1+ 33.Kxf1 Rd1+  0-1

[Event "Breizh Masters A"]
[Site "Guingamp FRA"]
[Date "2008.02.24"]
[Round "3"]
[White "Le Roux,JP"]
[Black "Kozakov,M"]
[Result "1/2-1/2"]
[WhiteElo "2491"]
[BlackElo "2445"]

1.e4 c5 2.Nf3 Nc6 3.Nc3 e5 4.Bc4 d6 5.d3 Be7 6.Nd2 Nf6 7.Nf1 O-O 8.Ne3 Nd4
9.O-O Rb8 10.a4 a6 11.a5 Nc6 12.Ncd5 Nxd5 13.Nxd5 Bg5 14.f4 exf4 15.Bxf4 Be6
16.Qh5 h6 17.Bxg5 Qxg5 18.Qxg5 hxg5 19.Ne3 Rfe8 20.c3 Rbd8 21.Rfd1  1/2-1/2

[Event "25th Festival Open A"]
[Site "Bled SLO"]
[Date "2008.02.25"]
[Round "4"]
[White "Barle,J"]
[Black "Sveshnikov,E"]
[Result "1/2-1/2"]
[WhiteElo "2396"]
[BlackElo "2506"]

1.e4 c5 2.Nc3 Nc6 3.Nge2 Nf6 4.g3 d5 5.exd5 Nxd5 6.Bg2 Nxc3 7.bxc3 g6 8.O-O Bg7
9.Rb1 O-O 10.c4 Qc7 11.Nf4 b6 12.Nd5 Qd7 13.Bb2 Bb7 14.Re1 Bxb2 15.Rxb2 Kg7
16.Qa1 e5 17.Rb3 f6 18.Rbe3 Nd4 19.Qb2 Rae8 20.c3 Bxd5 21.Bxd5 Nf5 22.R3e2 Nd6
23.d3 h5 24.d4 exd4 25.cxd4 Rxe2 26.Rxe2 cxd4 27.Qxd4 Re8 28.Rxe8 Nxe8 29.Qe3 Nc7
30.Bf3 Ne6 31.Bd5 Nc7 32.Bf3 Qd6 33.Qe4 Qc5 34.Qb7 Kh6 35.Qxa7 h4 36.Qb8 Qxc4
37.Qxb6 h3 38.Qe3+ g5 39.Qe2 Qc3 40.Bg4 Qa1+ 41.Qf1 Qxa2 42.Qxh3+ Kg7 43.Bf5 Qa1+
44.Kg2 Qa8+ 45.Kf1 Qa6+ 46.Ke1 Qa1+ 47.Kd2 Qa5+ 48.Ke2 Qa2+ 49.Kf3 Qa3+ 50.Kg2 Qa8+  1/2-1/2

[Event "ch-ROU"]
[Site "Cluj ROU"]
[Date "2008.02.26"]
[Round "2"]
[White "Moldovan,D"]
[Black "Dragomirescu,R"]
[Result "1/2-1/2"]
[WhiteElo "2446"]
[BlackElo "2142"]

1.e4 c5 2.Nc3 Nc6 3.Bb5 Nd4 4.Bc4 e6 5.Nf3 Nf6 6.d3 d5 7.Bb3 Nxb3 8.axb3 dxe4
9.dxe4 Qxd1+ 10.Kxd1 Bd7 11.Bf4 Be7 12.Ke2 Bc6 13.Nd2 O-O 14.f3 b6 15.Nc4 Nh5
16.Be3 f5 17.Rhd1 fxe4 18.Nxe4 Nf4+ 19.Bxf4 Rxf4 20.Nc3 Rd4 21.Rxd4 cxd4
22.Ne4 Bf6 23.Kd3 e5 24.g4 h6 25.h4 Bb5 26.g5 Be7 27.Kd2 Bb4+ 28.Ke2 Kf7
29.Kf2 Bxc4 30.bxc4 a5 31.b3 Be7 32.Ke2 hxg5 33.hxg5 Rh8 34.c5 bxc5 35.Rxa5 Rh2+
36.Kd3 Rh3 37.Nxc5 Rxf3+ 38.Ke4 Re3+ 39.Kd5 Bxg5 40.b4 Re2 41.Ne4 Be7 42.Ra7 Rxc2
43.Nd6+ Kf6 44.Ne4+ Kf7  1/2-1/2

[Event "ch-ROU"]
[Site "Cluj ROU"]
[Date "2008.02.27"]
[Round "4"]
[White "Muresan,R"]
[Black "Chirila,I"]
[Result "0-1"]
[WhiteElo "2142"]
[BlackElo "2400"]

1.e4 c5 2.Nf3 Nc6 3.Nc3 e5 4.Bc4 d6 5.d3 Be7 6.O-O Nf6 7.Ng5 O-O 8.f4 a6
9.a3 exf4 10.Bxf4 Ne5 11.Ba2 Ng6 12.Be3 h6 13.Nf3 b5 14.Qe1 Bb7 15.Nh4 Nxh4
16.Qxh4 Nxe4 17.Qh5 Nf6 18.Rxf6 Bxf6 19.Nd5 Bg5 20.Nf4 d5 21.Rf1 Re8 22.Bxc5 Qc7  0-1

[Event "XI Open"]
[Site "Malaga ESP"]
[Date "2008.02.27"]
[Round "6"]
[White "Carlsson,P"]
[Black "Almeida Quintana,O"]
[Result "1/2-1/2"]
[WhiteElo "2501"]
[BlackElo "2500"]

1.e4 c5 2.Nf3 Nc6 3.Nc3 d6 4.d4 cxd4 5.Nxd4 Nf6 6.Bg5 Bd7 7.Qd2 Rc8 8.Nxc6 Bxc6
9.f3 a6 10.O-O-O e6 11.Kb1 Be7 12.h4 h6 13.Be3 d5 14.exd5 Nxd5 15.Nxd5  1/2-1/2

[Event "10th Rector Cup w"]
[Site "Kharkiv UKR"]
[Date "2008.02.29"]
[Round "4"]
[White "Vozovic,O"]
[Black "Breslavska,G"]
[Result "0-1"]
[WhiteElo "2327"]
[BlackElo "2216"]

1.e4 c5 2.Nf3 Nc6 3.Nc3 g6 4.d4 cxd4 5.Nxd4 Bg7 6.Be3 Nf6 7.Be2 O-O 8.f4 d6
9.Nb3 a6 10.Bf3 Be6 11.g4 Rc8 12.h4 Nb4 13.Rh2 Qc7 14.Nd4 Bc4 15.a3 Nc6 16.Nxc6 bxc6
17.h5 Rfd8 18.hxg6 fxg6 19.g5 Nd7 20.Kf2 Rb8 21.Rb1 Nf8 22.Qh1 Qb7 23.Na4 Qc7
24.f5 Qa5 25.b3 Bf7 26.fxg6 Bxg6 27.Bh5 Qe5 28.Bxg6 hxg6 29.Rh6 d5 30.exd5 cxd5
31.c3 Qf5+ 32.Ke2 Qc2+ 33.Bd2 Rxb3 34.Rc1 Qe4+ 35.Qxe4 dxe4 36.Rh4 Rxa3 37.Rxe4 Ra2
38.Rd1 Rd5 39.Ke3 Rxg5 40.Bc1 Rh5 41.Kf3 Rf5+ 42.Kg4 Nh7 43.Rxe7 Rxa4+  0-1

[Event "XI Open"]
[Site "Malaga ESP"]
[Date "2008.02.29"]
[Round "8"]
[White "Carlsson,P"]
[Black "Huerga Leache,M"]
[Result "1-0"]
[WhiteElo "2501"]
[BlackElo "2440"]

1.e4 c5 2.Nf3 Nc6 3.Nc3 d6 4.d4 cxd4 5.Nxd4 Nf6 6.Bg5 e6 7.Qd2 a6 8.O-O-O Bd7
9.f4 h6 10.Bh4 g5 11.fxg5 Ng4 12.Nxc6 Bxc6 13.Be2 Ne5 14.g3 Ng6 15.Rhf1 Be7
16.gxh6 Nxh4 17.gxh4 Bf8 18.Kb1 Rxh6 19.Qf4 Rh7 20.h5 Qa5 21.Nd5 exd5 22.Qf5 Rg7
23.h6 Bd7 24.hxg7 Bxf5 25.g8=Q Bg6 26.Bh5 Bxh5 27.Rxd5 Qxd5 28.exd5 Bg6 29.Rf6 O-O-O
30.Rxg6 fxg6 31.Qxg6 Be7 32.h4 Rf8 33.a3 Bf6 34.Qf5+ Kb8 35.h5 Bg7 36.Qg6 Be5
37.h6 Rf1+ 38.Ka2 Rh1 39.h7 Rh2 40.Qg8+ Kc7 41.Kb3 Rh3+ 42.c3 Rh2 43.a4 Rh4
44.Qf7+ Kc8 45.Qe8+  1-0

[Event "58th ch-RUS w 1st liga"]
[Site "Smolensk RUS"]
[Date "2008.02.29"]
[Round "3"]
[White "Lomako,A"]
[Black "Petrova,O"]
[Result "1-0"]
[WhiteElo "2283"]
[BlackElo "2102"]

1.e4 c5 2.Nc3 Nc6 3.Bb5 g6 4.Bxc6 dxc6 5.d3 Bg7 6.Be3 b6 7.Qd2 Nf6 8.h3 Qc7
9.O-O-O Ba6 10.f4 O-O-O 11.Nf3 Kb7 12.g4 e6 13.e5 Nd5 14.Ne4 Ka8 15.Qe2 f6
16.exf6 Nxf6 17.Neg5 Rde8 18.c4 Nd7 19.Bd2 e5 20.f5 gxf5 21.gxf5 Bf6 22.Ne6 Qd6
23.Nfg5 Bxg5 24.Bxg5 Rhg8 25.Qh5 Bc8 26.Qxh7 Rxg5 27.Nxg5 Nf6 28.Ne4 Qd8
29.Qg6 Rf8 30.Rhf1 Kb7 31.h4 Qe7 32.h5 Nh7 33.f6 Qc7 34.f7  1-0

[Event "4th Rectors Cup"]
[Site "Belgorod RUS"]
[Date "2008.03.01"]
[Round "6"]
[White "Gubajdullin,A"]
[Black "Gasanov,E"]
[Result "0-1"]
[WhiteElo "2504"]
[BlackElo "2541"]

1.e4 c5 2.Nf3 Nc6 3.Nc3 d6 4.d4 cxd4 5.Nxd4 Nf6 6.f3 e5 7.Nb3 Be7 8.Be3 O-O
9.Qd2 a5 10.Bb5 Be6 11.O-O Na7 12.Be2 Nc8 13.Nd5 Bxd5 14.exd5 a4 15.Nc1 Qa5
16.Qxa5 Rxa5 17.c4 Bd8 18.Bd2 Ra8 19.Nd3 Bb6+ 20.Kh1 Bd4 21.Rac1 Ne7 22.Rfe1 Nf5
23.Bf1 Rfe8 24.g3 e4 25.fxe4 Nxe4 26.Bf4 g5 27.Bh3 gxf4 28.Bxf5 Nf2+ 29.Nxf2 Bxf2
30.Rxe8+ Rxe8 31.gxf4 Re2 32.b4 Be3 33.Rc3 Bxf4 34.a3 Rxh2+ 35.Kg1 Rb2 36.Rf3 Be5  0-1

[Event "Cvijet Mediterana"]
[Site "Rijeka CRO"]
[Date "2008.03.02"]
[Round "2"]
[White "Coimbra,M"]
[Black "Maisuradze,N"]
[Result "1/2-1/2"]
[WhiteElo "2124"]
[BlackElo "2270"]

1.e4 c5 2.Nc3 Nc6 3.Bb5 Nd4 4.Bc4 g6 5.Nf3 Bg7 6.Nxd4 Bxd4 7.O-O d6 8.d3 Bd7
9.Qf3 e6 10.Bf4 Qb6 11.Rab1 h5 12.Bg5 h4 13.Ne2 Bg7 14.c3 Qc6 15.Bb3 f6 16.Be3 Nh6
17.Nf4 Kf7 18.d4 c4 19.d5 Qc8 20.dxe6+ Bxe6 21.Nxe6 Qxe6 22.Bc2 Qg4 23.Qxg4 Nxg4  1/2-1/2

[Event "4NCL 2007-8"]
[Site "Wokefield Park ENG"]
[Date "2008.03.02"]
[Round "8"]
[White "Ledger,D"]
[Black "Devereaux,M"]
[Result "0-1"]
[WhiteElo "2277"]
[BlackElo "2348"]

1.e4 c5 2.Nc3 Nc6 3.Bb5 Nd4 4.Bc4 e6 5.Nge2 a6 6.d3 b5 7.Bb3 Nxb3 8.axb3 Bb7
9.O-O Nf6 10.Ng3 d6 11.f4 h5 12.Qf3 Qb6 13.Bd2 O-O-O 14.Nd1 Qc6 15.Ne3 h4
16.Nh1 d5 17.e5 Nd7 18.c3 d4 19.Qxc6+ Bxc6 20.cxd4 cxd4 21.Nc2 Nc5 22.Nb4 Bb7
23.Rfc1 Kd7 24.Ra3 Ra8 25.Rca1 Be7 26.Nf2 Rh6 27.Nc2 Rg6 28.b4 Rxg2+ 29.Kf1 Na4
30.Nxd4 h3 31.Bc3 Bh4 32.Ne4 Bxe4 33.dxe4 Rxh2 34.Kg1 Rg2+ 35.Kh1 Bg3 36.Rd1 Ke8
37.f5 Rd8 38.fxe6 fxe6 39.Rf1 Bxe5 40.Nxe6 Nxc3 41.Rf8+ Ke7 42.Rxd8 Ne2 43.Rxh3 Rg1+  0-1

[Event "4NCL 2007-8"]
[Site "Wokefield Park ENG"]
[Date "2008.03.02"]
[Round "8"]
[White "King,D"]
[Black "Hegarty,S"]
[Result "1-0"]
[WhiteElo "2510"]
[BlackElo "1974"]

1.e4 c5 2.Nc3 Nc6 3.Bb5 g6 4.Bxc6 dxc6 5.d3 Nf6 6.Be3 Nd7 7.Qd2 Bg7 8.Bh6 Bxh6
9.Qxh6 e5 10.Nf3 Qe7 11.O-O b6 12.Nd2 Bb7 13.a4 Qf8 14.Qe3 Qd6 15.Nc4 Qe7
16.f4 O-O 17.f5 f6 18.h4 Rf7 19.Rf3 Nf8 20.Raf1 Ba6 21.b3 Bxc4 22.bxc4 Kg7
23.Nd1 Qd6 24.c3 Nd7 25.Nf2 Rg8 26.Ng4 Rff8 27.fxg6 hxg6 28.Qh6+ Kf7 29.Qh7+ Ke8
30.Nxf6+ Nxf6 31.Rxf6 Rxf6 32.Qxg8+ Qf8 33.Qxf8+ Rxf8 34.Rxf8+ Kxf8 35.Kf2 Ke7
36.Ke3 a5 37.d4 b5 38.d5 b4 39.dxc6 Kd6 40.g4  1-0

[Event "4NCL 2007-8"]
[Site "Wokefield Park ENG"]
[Date "2008.03.02"]
[Round "8"]
[White "Bisby,D"]
[Black "Pickard,C"]
[Result "1-0"]
[WhiteElo "2278"]
[BlackElo "2203"]

1.e4 c5 2.Nc3 Nc6 3.Nge2 e6 4.g3 g6 5.d4 cxd4 6.Nxd4 a6 7.Nxc6 bxc6 8.Qd4 f6
9.h4 Bg7 10.h5 Kf7 11.Bc4 Qe7 12.Be3 Nh6 13.f3 g5 14.O-O-O Rd8 15.Qb6 Bf8
16.Bxe6+ Kg7 17.Bb3 Re8 18.Qd4 Nf5 19.Qd2 Nxe3 20.Qxe3 d5 21.Qd4 dxe4 22.Nxe4 Bf5
23.Qc4 Bxe4 24.fxe4 Kh6 25.Qxc6 Bg7 26.Rd7 Qxe4 27.Qxe4 Rxe4 28.Bd5 Rae8
29.Bxe4 Rxe4  1-0

[Event "Cvijet Mediterana"]
[Site "Rijeka CRO"]
[Date "2008.03.04"]
[Round "6"]
[White "Coimbra,M"]
[Black "Lujan,C"]
[Result "0-1"]
[WhiteElo "2124"]
[BlackElo "2365"]

1.e4 c5 2.Nc3 Nc6 3.Bb5 e6 4.Bxc6 bxc6 5.d3 d5 6.Nge2 Nf6 7.O-O Be7 8.f4 c4
9.e5 cxd3 10.cxd3 Nd7 11.Kh1 O-O 12.Be3 f6 13.Nd4 Nb8 14.Nb3 fxe5 15.fxe5 Rxf1+
16.Qxf1 Nd7 17.d4 a5 18.Na4 Nb6 19.Nbc5 Nxa4 20.Nxa4 Ba6 21.Qc1 Qc7 22.Nc5 Bxc5
23.Qxc5 a4 24.b3 Bb5 25.b4 Rf8 26.a3 Qf7 27.Qc2 Qh5 28.Re1 Qh4 29.Rd1 Rf5
30.Rc1 Rh5 31.Bg1 Qf4 32.Rd1 Rf5 33.Re1 h5 34.Qc1 Qg4 35.Qd1 Qh4 36.Qd2 Qe7
37.Re3 Qg5 38.Qc3 h4 39.Rf3 Bf1 40.Qc2 Rxf3 41.gxf3 h3  0-1

[Event "58th ch-RUS w 1st liga"]
[Site "Smolensk RUS"]
[Date "2008.03.04"]
[Round "7"]
[White "Meshcheriakova,E"]
[Black "Bannikova,A"]
[Result "1-0"]
[WhiteElo "2318"]
[BlackElo "2187"]

1.e4 c5 2.Nf3 Nc6 3.Nc3 e5 4.Bc4 d6 5.d3 Be7 6.Nd2 Nf6 7.Nf1 O-O 8.Ne3 Be6
9.O-O Qd7 10.a3 Nd4 11.Ncd5 Bxd5 12.Nxd5 Nxd5 13.Bxd5 Ne6 14.Qg4 Rad8 15.Qh5 Bf6
16.g3 g6 17.Qd1 Bg7 18.c3 Kh8 19.h4 b6 20.Kg2 Nc7 21.Ba2 d5 22.Qf3 h6 23.h5 dxe4
24.dxe4 Qd3 25.Qxd3 Rxd3 26.Be3 f5 27.Rad1 Rxd1 28.Rxd1 f4 29.Bc1 g5 30.g4 Ne8
31.f3 Nf6 32.a4 Rb8 33.Rd6 Re8 34.Bc4 Re7 35.b4 cxb4 36.cxb4 Rd7 37.Rc6 Kh7
38.Kf2 Ne8 39.Rc8 Rc7 40.Rxc7 Nxc7 41.Bb2 Bf6 42.b5 Kg7 43.Ba3 Ne8 44.Bd5 Bd8
45.Bc6 Kf7 46.Bxe8+ Kxe8 47.Bd6 Bf6 48.Ke2 Kd7 49.Bf8 Ke8 50.Bxh6 Kf7 51.Kd3 Ke6
52.Kc4 Bh8  1-0

[Event "10th WCh-University"]
[Site "Novokuznetsk RUS"]
[Date "2008.03.05"]
[Round "2"]
[White "Vuilleumier,A"]
[Black "Widmer,S"]
[Result "1-0"]
[WhiteElo "2285"]
[BlackElo "2176"]

1.e4 c5 2.Nf3 Nc6 3.Nc3 e5 4.Bc4 d6 5.O-O Be7 6.d3 Nf6 7.Ng5 O-O 8.f4 exf4
9.Bxf4 h6 10.Nf3 Be6 11.Nd5 Bxd5 12.exd5 Na5 13.c3 Rb8 14.a3 b5 15.Ba2 c4
16.b4 cxb3 17.Bxb3 Qb6+ 18.Kh1 Rbc8 19.Ba2 Rxc3 20.Qe1 Rc7 21.Be3 Qa6 22.Nd4 Re8
23.Qb4 Rc5 24.Nf5 Rc2 25.a4 bxa4 26.Bb1 Nxd5 27.Qxa4 Rcc8 28.Bxh6 Qb6 29.Ba2 Nb4
30.Bxf7+ Kxf7 31.Be3 Qc7 32.Nxe7+ Kxe7 33.Bg5+ Ke6 34.Qxb4 Nc6 35.Qg4+  1-0

[Event "TCh-BEL 2007-8"]
[Site "Belgium BEL"]
[Date "2008.03.06"]
[Round "11"]
[White "Van den Dikkenberg,E"]
[Black "Uhoda,P"]
[Result "1/2-1/2"]
[WhiteElo "2111"]
[BlackElo "2121"]

1.e4 c5 2.Nf3 Nc6 3.Nc3 d6 4.d4 cxd4 5.Nxd4 Nf6 6.Be2 g6 7.O-O Bg7 8.Be3 O-O
9.Kh1 d5 10.exd5 Nxd5 11.Nxd5 Nxd4 12.Bxd4 Qxd5 13.Bxg7 Qxd1 14.Rfxd1 Kxg7
15.Rd2 Bf5 16.Bf3 Rac8 17.c3 Rc7 18.Rad1 Rb8  1/2-1/2

[Event "ch-UKR Girls u20"]
[Site "Odessa UKR"]
[Date "2008.03.06"]
[Round "2"]
[White "Kalinina,M"]
[Black "Muzychuk,M"]
[Result "0-1"]
[WhiteElo "1717"]
[BlackElo "2357"]

1.e4 c5 2.Nf3 Nc6 3.Nc3 Nf6 4.d4 cxd4 5.Nxd4 e5 6.Ndb5 d6 7.Bg5 a6 8.Na3 b5
9.Nd5 Be7 10.Bxf6 Bxf6 11.c3 Bg5 12.Nc2 Rb8 13.Be2 O-O 14.O-O f5 15.f3 Be6
16.Kh1 Qd7 17.Qd3 Ne7 18.Ncb4 a5 19.Nxe7+ Bxe7 20.Nd5 Bg5 21.Rad1 Kh8 22.Qc2 f4
23.Rd2 Rfc8 24.Qd1 Bd8 25.Qe1 Qf7 26.Qf2 Qh5 27.g3 fxg3 28.Qxg3 Qh6 29.Rdd1 Rb7
30.f4 Bh4 31.Qf3 Rf8 32.f5 Bf7 33.Rg1 Bg5 34.Rg3 Bxd5 35.Rxd5 Rfb8 36.Qh5 Qxh5
37.Bxh5 Bc1 38.Rg2 Rb6 39.Rc2 Be3 40.Kg2 Bc5 41.Rd3 b4 42.c4 b3 43.axb3 Rxb3
44.Rxb3 Rxb3 45.Be8 Bd4 46.Ba4 Rxb2 47.Rxb2 Bxb2 48.h4 Kg8 49.h5 Kf7 50.Kf3 Kf6
51.Ke3 Bd4+ 52.Kd3 Kg5 53.Be8 a4 54.Kc2 a3 55.Kb3 Bb2 56.Bf7 Bc1 57.Be8 Kf6
58.Ka2 Ke7 59.Bc6 Kd8 60.Bd5 Kc7 61.Bg8 h6 62.Bf7 Kc6 63.Be6 Kc5 64.Bf7 Kd4
65.Bd5 Kd3 66.Kb3 Kd2 67.Be6 Bb2 68.Ka2 Kc1 69.Bd5 Kc2 70.Be6 Kc3 71.Bf7 Kd4
72.Bd5 Ke3 73.Kb3 Kf4 74.Ka2 Ke3 75.Kb3 Kd3 76.Ka2 Kc3 77.Be6 Kb4 78.Bf7 Bd4
79.Be6 Bc5 80.Bf7 Kc3 81.Be6 Kd4 82.Bd5 Ke3 83.Kb3 Kf4 84.Ka2 Kg5 85.Bf7 d5
86.cxd5 Kf4 87.f6 gxf6 88.Bg6 Kg5 89.Kb3 f5 90.exf5 e4 91.f6 e3 92.Bd3 Kf4
93.Be2 Kg3 94.f7 Kf2 95.Kc4 Bd6 96.Kb5 a2 97.Kc6 a1=Q 98.Kxd6 Qf6+ 99.Kc5 Kxe2  0-1

[Event "KNSB TCh-NED 2007-8"]
[Site "Netherlands NED"]
[Date "2008.03.08"]
[Round "7"]
[White "Zaragatski,I"]
[Black "Wiersma,E"]
[Result "1/2-1/2"]
[WhiteElo "2469"]
[BlackElo "2414"]

1.e4 c5 2.Nf3 Nc6 3.Nc3 g6 4.d4 cxd4 5.Nxd4 Bg7 6.Nb3 Nf6 7.Be2 O-O 8.O-O b6
9.Re1 Bb7 10.Bf1 d6 11.Nd5 Nd7 12.c3 e6 13.Ne3 Nf6 14.Ng4 Nxg4 15.Qxg4 Qe7
16.Bg5 f6 17.Bh4 Qf7 18.f4 e5 19.fxe5 Nxe5 20.Qh3 Rfe8 21.Bb5 Re7 22.Nd4 d5
23.exd5 Bxd5 24.Ba4 Kh8 25.Bb3 Rae8 26.Rad1 Bxb3 27.axb3 h5 28.Re2 Ng4 29.Rxe7 Rxe7
30.Qf3 Kh7 31.h3 Ne5 32.Qf2 Rd7 33.Rf1 f5 34.Qe2 Kg8 35.Nf3 Nxf3+ 36.Rxf3 Kh7
37.b4 Qd5 38.Rf1 Qd2 39.Rf2 Qxe2 40.Rxe2 Kg8 41.Bg5 Kf7 42.Kf2 Bf6 43.Bxf6 Kxf6
44.c4 Rd4 45.Rc2 Ke7 46.Ke3 Re4+ 47.Kd3 Kd6 48.b3 Re1  1/2-1/2

[Event "XXIII Open"]
[Site "Reykjavik ISL"]
[Date "2008.03.08"]
[Round "6"]
[White "Galego,L"]
[Black "Vavrak,P"]
[Result "1/2-1/2"]
[WhiteElo "2529"]
[BlackElo "2472"]

1.e4 c5 2.Nf3 Nc6 3.Nc3 g6 4.g3 Bg7 5.Bg2 d6 6.O-O Bg4 7.h3 Bxf3 8.Qxf3 Nf6
9.d3 O-O 10.Qd1 Nd7 11.Bg5 Rb8 12.a4 c4 13.Be3 cxd3 14.cxd3 Bd4 15.Bh6 Bg7
16.Be3 Bd4 17.Bh6 Bg7  1/2-1/2

[Event "Cvijet Mediterana"]
[Site "Rijeka CRO"]
[Date "2008.03.08"]
[Round "11"]
[White "Voicu,C"]
[Black "Sargac,R"]
[Result "1/2-1/2"]
[WhiteElo "2290"]
[BlackElo "2197"]

1.e4 c5 2.Nf3 Nc6 3.Nc3 Nf6 4.d4 cxd4 5.Nxd4 e5 6.Ndb5 d6 7.Bg5 a6 8.Na3 b5
9.Nd5 Be7 10.Bxf6 Bxf6 11.c4 Nd4 12.cxb5 O-O 13.b6 Bb7 14.Bc4 Rc8 15.O-O Bxd5
16.Bxd5 Qxb6 17.Nc4 Qc7 18.Rc1 Qe7 19.Rc3 Rfd8 20.Ra3 Qa7 21.Qg4 Nb5 22.Rf3 Qe7
23.Rb3 Rc7 24.g3 g6 25.h4 Kh8 26.h5 Bg5 27.Kg2 Nd4 28.Ra3 f5 29.Qh3 f4 30.hxg6 f3+
31.Rxf3 Nxf3 32.Kxf3 Qf6+ 33.Kg2 Qxg6 34.b3 Rf8 35.Qg4 h5 36.Qe6 Rf6 37.Qh3 Rf8
38.Qe6 Rf6 39.Qh3  1/2-1/2

[Event "ch-RUS Girls u20"]
[Site "St Petersburg RUS"]
[Date "2008.03.08"]
[Round "1"]
[White "Bodnaruk,A"]
[Black "Ivakhinova,I"]
[Result "1-0"]
[WhiteElo "2317"]
[BlackElo "2250"]

1.e4 c5 2.Nc3 Nc6 3.Nf3 d6 4.d4 cxd4 5.Nxd4 Nf6 6.Bg5 e6 7.Qd2 a6 8.O-O-O Bd7
9.f4 Be7 10.Nf3 h6 11.Bh4 Qc7 12.Kb1 O-O-O 13.Be2 Kb8 14.Bf2 Bc8 15.Nd4 Nxd4
16.Bxd4 Rhg8 17.Qe3 Nd7 18.Ba7+ Ka8 19.Na4 b5 20.Nb6+ Kb7 21.Nxd7 Bxd7 22.Bd4 e5
23.Bc3 f6 24.Qd2 Qc6 25.Rhf1 Be6 26.Ba5 Rd7 27.Bf3 Bd8 28.f5 Bf7 29.Rf2 Bxa5
30.Qxa5 Rgd8 31.Rfd2 Qc5 32.b3 Rc7 33.Kb2 Rcd7 34.a4 Qb6 35.Qb4 Rc7 36.Rxd6 Rxd6
37.Rxd6 Qf2 38.Rd2 Qc5 39.Qxc5 Rxc5 40.axb5 axb5 41.Ka3 Rc7 42.Kb4 Be8 43.g4 Kb6
44.Rd6+ Kb7 45.c3 Bc6 46.Be2 Bxe4 47.Bxb5 Bf3 48.h3 h5 49.gxh5 Bxh5 50.Bc4 Bf3
51.Bd5+ Bxd5 52.Rxd5 Re7 53.Rd3 Kc6 54.Kc4 e4 55.Re3 Re5 56.Kd4 Rxf5 57.Rxe4 Rf3
58.h4 f5 59.Re6+ Kd7 60.Rg6 Rf4+ 61.Kd5 Rxh4 62.Rxg7+ Kc8 63.c4 f4 64.Rf7 Rh3
65.b4 f3 66.c5 Rh5+ 67.Kc6 Rh6+ 68.Kb5 Rh3 69.Kb6 Rh4 70.b5 Rh8 71.Rxf3 Kb8
72.c6 Rg8 73.Rd3 Rh8 74.c7+ Kc8 75.Rd4  1-0

[Event "FSIM March"]
[Site "Budapest HUN"]
[Date "2008.03.09"]
[Round "8"]
[White "Lorand,N"]
[Black "Porat,Ma"]
[Result "1-0"]
[WhiteElo "2259"]
[BlackElo "2190"]

1.e4 c5 2.Nc3 Nc6 3.Nge2 g6 4.g3 Bg7 5.Bg2 e6 6.d3 Nge7 7.Be3 d6 8.d4 cxd4
9.Nxd4 O-O 10.O-O a6 11.Nxc6 Nxc6 12.Qe2 Qa5 13.Rad1 Rd8 14.f4 b5 15.Qf2 Rb8
16.e5 d5 17.g4 b4 18.Ne2 Qxa2 19.Bb6 Re8 20.b3 Bd7 21.Nc1 Qb2 22.Nd3 Qc3
23.Nc5 Rxb6 24.Na4 Rb5 25.Nxc3 bxc3 26.Qg3 Nb4 27.Rf3 Bf8 28.Kh1 Bc5 29.f5 exf5
30.gxf5 Nxc2 31.e6 fxe6 32.fxg6 h6 33.Qh4 Rf8 34.Qxh6 Rxf3 35.Qh7+ Kf8 36.Bxf3 Ke8
37.g7 Kd8 38.g8=Q+ Kc7 39.Qxc2  1-0

[Event "10th WCh-University w"]
[Site "Novokuznetsk RUS"]
[Date "2008.03.09"]
[Round "7"]
[White "Wang Yu A"]
[Black "Pogonina,N"]
[Result "1/2-1/2"]
[WhiteElo "2391"]
[BlackElo "2476"]

1.e4 c5 2.Nc3 Nc6 3.Bb5 Nd4 4.Bc4 e6 5.Nge2 a6 6.d3 b5 7.Bb3 Nxb3 8.axb3 b4
9.Na4 Nf6 10.O-O Be7 11.Bg5 d6 12.f4 O-O 13.Ng3 Rb8 14.Kh1 h6 15.Bxf6 Bxf6
16.Nh5 g6 17.Nxf6+ Qxf6 18.Qd2 Bd7 19.Rae1 Qg7 20.e5 Bxa4 21.bxa4 Rfd8 22.b3 Kh7
23.Qf2 Rbc8 24.exd6 Qd4 25.Re4 Qxf2 26.Rxf2 Rxd6 27.g3 Rd5 28.Kg2 Kg7 29.Kf3 Kf6
30.h4 h5 31.Rfe2 Rcd8 32.Re1 Ke7 33.R1e2 R8d7  1/2-1/2

[Event "ch-UKR Boys u20"]
[Site "Odessa UKR"]
[Date "2008.03.10"]
[Round "6"]
[White "Tukhaev,A"]
[Black "Kononenko,Dmitry1"]
[Result "0-1"]
[WhiteElo "2524"]
[BlackElo "2484"]

1.e4 c5 2.Nf3 Nc6 3.Nc3 Nf6 4.d4 cxd4 5.Nxd4 Qb6 6.Nb3 e6 7.Bd3 d6 8.O-O Qc7
9.f4 a6 10.a4 b6 11.Be3 Bb7 12.g4 d5 13.a5 d4 14.Nxd4 Bc5 15.axb6 Qd8 16.Nf5 Qxb6
17.Nd6+ Ke7 18.Bf2 Kxd6 19.e5+ Ke7 20.exf6+ gxf6 21.Ne4 Bxf2+ 22.Rxf2 Nd4
23.c3 f5 24.gxf5 Nxf5 25.Qa4 Rhg8+ 26.Kf1 Ne3+ 27.Ke2 Bxe4 28.Bxe4 Ng4 29.Qb4+ Qxb4
30.cxb4 Rab8 31.Rg2 Rxb4 32.Bc2 Rxb2 33.Kf3 Ne5+ 34.fxe5 Rxg2 35.Kxg2 Rxc2+
36.Kf3 Rc5 37.Ke4 a5 38.Rb1 Rc7  0-1

[Event "XXIII Open"]
[Site "Reykjavik ISL"]
[Date "2008.03.10"]
[Round "8"]
[White "Sanchez Castillo,S"]
[Black "Fridgeirsson,D"]
[Result "1-0"]
[WhiteElo "2312"]
[BlackElo "1798"]

1.e4 c5 2.Nf3 Nc6 3.Nc3 g6 4.d4 cxd4 5.Nxd4 Bg7 6.Be3 Nf6 7.Bc4 d6 8.h3 O-O
9.Bb3 Bd7 10.O-O Rc8 11.f4 Nh5 12.Nxc6 Bxc6 13.Qf3 Bxc3 14.bxc3 Nf6 15.Bd4 Nxe4
16.Qe3 d5 17.f5 f6 18.Qxe4 gxf5 19.Rxf5 e5 20.Qg4+ Kh8 21.Rxe5 Rg8 22.Rg5 Qe7
23.Rf1 Rxg5 24.Qxg5  1-0